000 00248nam a2200097Ia 4500
001 642384
005 20250826153525.0
008 250824s9999 xx 000 0 und d
245 0 _aEce Yüce/Annem Beni Sevmiyormu
_cGülten Dayıoğlu
260 _bALTIN
999 _c642384
_d642384